• 首页
  • 本馆介绍
  • 公告通知
  • 最新文献
  • 馆藏检索
  • 电子资源
  • 读者导购
  • 参考咨询
  • 我的图书馆
  • 登录
  • 详细信息显示
  • 放入我的书架
  • 预约/预借图书
  • 作者相关作品
  • 分类相关作品
  • 丛书相关作品
  • 出版社相关作品

书目信息

  • 表格格式
  • 工作单格式
  • 卡片格式
题名:
颠覆营销
    
 
作者: 陈杰豪 著
分册:  
出版信息: 北京   中信出版集团  2016
页数: 23,237页
开本: 21cm
丛书名:
单 册:
中图分类: F713.5
科图分类:
主题词: 营销--研究
电子资源:
ISBN: 978-7-5086-5830-8
000 01021nam0 2200229 450
001 012001005178
005 20141007183429.0
010    @a978-7-5086-5830-8@b精装@dCNY49.00
100    @a20150920d2016 em y0chiy50 ea
101 0  @achi
102    @aCN@b110000
105    @aa z 000yy
106    @ar
200 1  @a颠覆营销@9dian fu ying xiao@e大数据时代的商业革命@f陈杰豪著
210    @a北京@c中信出版集团@d2016
215    @a23,237页@c图@d21cm
330    @a本书分享了阿里巴巴首席大数据应用合作伙伴功典(MIGO)集团的营销攻略,颠覆了许多营销人根深蒂固的4P等观念,介绍了阿里巴巴、雀巢、乐高、领英、云海肴等知名公司利用大数据做营销的实战案例,通过这些案例作者总结了18个大数据营销新观点,帮助企业和企业家理解如何使用大数据提前预测目标顾客的需求,开展精准营销活动。阿里巴巴副总裁车品觉在本书中首次分享了未来大数据应用的6大趋势,让我们能够在大数据时代赢得先机。
606 0  @a营销@x研究
690    @aF713.5@v5
701  0 @a陈杰豪@9chen jie hao@4著
801  0 @aCN@b上海新华@c20180901
905    @b1173018-22@dF713.5@e1105@f5
    
    颠覆营销:大数据时代的商业革命/陈杰豪著.-北京:中信出版集团,2016
    23,237页:图;21cm
    
    
    ISBN 978-7-5086-5830-8(精装):CNY49.00
    本书分享了阿里巴巴首席大数据应用合作伙伴功典(MIGO)集团的营销攻略,颠覆了许多营销人根深蒂固的4P等观念,介绍了阿里巴巴、雀巢、乐高、领英、云海肴等知名公司利用大数据做营销的实战案例,通过这些案例作者总结了18个大数据营销新观点,帮助企业和企业家理解如何使用大数据提前预测目标顾客的需求,开展精准营销活动。阿里巴巴副总裁车品觉在本书中首次分享了未来大数据应用的6大趋势,让我们能够在大数据时代赢得先机。
●
相关链接 在E读中查询图书 在五车中查询图书 在当当中查询图书 在豆瓣中查询图书


正题名:颠覆营销     索取号:F713.5/1105         预约/预借

序号 登录号 条形码 馆藏地/架位号 状态 备注
1 1173018   211730180   第一样本阅览室/ [索取号:F713.5/1105] 在馆    
2 1173019   211730199   第一借阅区/ [索取号:F713.5/1105] 在馆    
3 1173020   211730206   第一借阅区/ [索取号:F713.5/1105] 在馆    
4 1173021   211730215   第一借阅区/ [索取号:F713.5/1105] 在馆    
5 1173022   211730224   经管系资料室/ [索取号:F713.5/1105] 在馆    
唐山师范学院图书馆 欢迎您!
大连网信软件有限公司© 版权所有